[Event "12th EUR-ch"]
[Site "Aix-les-Bains FRA"]
[Date "2011.03.22"]
[Round "1.144"]
[White "Lappas, Konstantinos"]
[Black "Muzychuk, Anna"]
[Result "1/2-1/2"]
[WhiteElo "1950"]
[BlackElo "2528"]
[EventDate "2011.03.22"]
[PlyCount "101"]

1.e4 c5 2.Nf3 e6 3.d4 cxd4 4.Nxd4 a6 5.Bd3 g6 6.c4 Bg7 7.Be3 Ne7 8.Nc3 O-O
9.O-O d6 10.Qd2 Nd7 11.Rac1 b6 12.Rfd1 Bb7 13.Bf1 Qc7 14.Nde2 Nc8 15.b3 
Rd8 16.h3 Rb8 17.f4 Nf6 18.Ng3 Ne7 19.Qf2 Ba8 20.f5 h6 21.Bd3 g5 22.fxe6 
fxe6 23.Qe2 Ng6 24.Nh5 Nxh5 25.Qxh5 Nf4 26.Qg4 Qe7 27.h4 Rf8 28.hxg5 Qxg5 
29.Qxg5 hxg5 30.Bf1 Be5 31.Bd4 Rfd8 32.Bxe5 dxe5 33.Kf2 Rd4 34.Ke3 Rbd8 
35.b4 Kf7 36.c5 bxc5 37.bxc5 a5 38.g4 Bc6 39.Ba6 Ke7 40.Bf1 R8d7 41.Ba6 
Kd8 42.Rh1 Rd2 43.Rh8+ Ke7 44.Rh7+ Kf6 45.Rxd7 Rxd7 46.Bb5 Bxb5 47.Nxb5 
Rd3+ 48.Kf2 Rd2+ 49.Ke3 Rd3+ 50.Kf2 Rd2+ 51.Ke3 1/2-1/2

[Event "12th EUR-ch"]
[Site "Aix-les-Bains FRA"]
[Date "2011.03.22"]
[Round "1.145"]
[White "Brandenburg, Daan"]
[Black "Bismuth, Lea"]
[Result "1-0"]
[WhiteElo "2527"]
[BlackElo "1946"]
[EventDate "2011.03.22"]
[PlyCount "55"]

1.e4 e5 2.Nf3 Nc6 3.d4 exd4 4.Bc4 Nf6 5.Ng5 Ne5 6.Bb3 h6 7.f4 hxg5 8.fxe5 
Nxe4 9.Bd5 Bb4+ 10.c3 dxc3 11.bxc3 Nxc3 12.Bxf7+ Kxf7 13.O-O+ Ke8 14.Nxc3 
Bc5+ 15.Kh1 d6 16.Qd3 Rh6 17.Ne4 Qe7 18.Bxg5 Rxh2+ 19.Kxh2 Qxe5+ 20.Kh1 
Bf5 21.Rae1 Kf7 22.Rxf5+ Qxf5 23.Nxd6+ Bxd6 24.Qxf5+ Kg8 25.Qe6+ Kh7 26.
Re3 g6 27.Qf7+ Kh8 28.Rh3# 1-0

[Event "12th EUR-ch"]
[Site "Aix-les-Bains FRA"]
[Date "2011.03.22"]
[Round "1.146"]
[White "Blondel, Jerome"]
[Black "Cmilyte, Viktorija"]
[Result "0-1"]
[WhiteElo "1898"]
[BlackElo "2526"]
[EventDate "2011.03.22"]
[PlyCount "116"]

1.d4 f5 2.Nf3 Nf6 3.g3 g6 4.Bg2 Bg7 5.O-O O-O 6.c3 e6 7.Bf4 Nc6 8.Nbd2 h6 
9.Ne5 Ne7 10.e4 g5 11.Be3 d6 12.Nd3 Ng4 13.exf5 exf5 14.h3 Nxe3 15.fxe3 d5
16.Qb3 Qd6 17.Kh2 Be6 18.Nc5 b6 19.Nxe6 Qxe6 20.Rae1 Rf6 21.e4 dxe4 22.
Qxe6+ Rxe6 23.g4 f4 24.Bxe4 Re8 25.h4 c6 26.hxg5 hxg5 27.Nf3 Bf6 28.Bh7+ 
Kf7 29.Rxe6 Kxe6 30.Re1+ Kd7 31.Kg2 Nd5 32.Bf5+ Kd8 33.Rxe8+ Kxe8 34.Bg6+ 
Ke7 35.Ne1 Ne3+ 36.Kf3 c5 37.dxc5 bxc5 38.Bc2 Kd6 39.Ba4 c4 40.Bc2 Bg7 41.
Ba4 Kc5 42.Ke4 Nxg4 43.Kf5 Ne5 44.Bd1 Kd5 45.Bc2 Kd6 46.Be4 Bh6 47.Nf3 Nd3
48.b3 Nc1 49.Nd4 Nxa2 50.bxc4 Kc5 51.Bd3 Nxc3 52.Nb5 Nxb5 53.cxb5 Kd4 54.
Bf1 Ke3 55.Kg4 f3 56.Kg3 Bf8 57.Kh2 Bd6+ 58.Kg1 g4 0-1

[Event "12th EUR-ch"]
[Site "Aix-les-Bains FRA"]
[Date "2011.03.22"]
[Round "1.147"]
[White "Godena, Michele"]
[Black "Dubreuil, Remy"]
[Result "1-0"]
[WhiteElo "2526"]
[BlackElo "1897"]
[EventDate "2011.03.22"]
[PlyCount "69"]

1.e4 e6 2.d4 d5 3.Nd2 c5 4.exd5 exd5 5.Ngf3 Nf6 6.Bb5+ Bd7 7.Bxd7+ Nbxd7 
8.O-O Be7 9.dxc5 Nxc5 10.Re1 O-O 11.Nf1 Rc8 12.c3 Re8 13.Be3 b6 14.Qc2 
Nce4 15.Bd4 Bc5 16.Ne3 Qd7 17.Rad1 Qb7 18.Bxc5 bxc5 19.Nxd5 Nxd5 20.Rxe4 
Nf6 21.Ree1 h6 22.h3 Qa6 23.a3 Rb8 24.Rxe8+ Nxe8 25.Rd2 Nf6 26.Qf5 Qc4 27.
Ne5 Qa2 28.Ng4 Nxg4 29.hxg4 Qa1+ 30.Kh2 Qc1 31.Rd7 Rf8 32.Rb7 Qd2 33.g3 c4
34.Kg2 a6 35.Qd5 1-0

[Event "12th EUR-ch"]
[Site "Aix-les-Bains FRA"]
[Date "2011.03.22"]
[Round "1.148"]
[White "Lockwood, William"]
[Black "Pavlov, Sergey"]
[Result "0-1"]
[WhiteElo "1886"]
[BlackElo "2526"]
[EventDate "2011.03.22"]
[PlyCount "46"]

1.d4 Nf6 2.c4 e6 3.Nc3 Bb4 4.f3 d5 5.a3 Bxc3+ 6.bxc3 c5 7.e3 Nc6 8.Bd3 e5 
9.cxd5 Nxd5 10.dxc5 Qa5 11.Qd2 Qxc5 12.Ne2 O-O 13.c4 Nb6 14.Ng3 Rd8 15.Qc2
h6 16.O-O Nd4 17.Qc3 Na4 18.Qb4 Qxb4 19.axb4 Nb3 20.Rxa4 Rxd3 21.e4 Be6 
22.Bb2 Nd2 23.Bxe5 Nxf1 0-1

[Event "12th EUR-ch"]
[Site "Aix-les-Bains FRA"]
[Date "2011.03.22"]
[Round "1.149"]
[White "Kabanov, Nikolai"]
[Black "Rosenfeld, Imre"]
[Result "1-0"]
[WhiteElo "2524"]
[BlackElo "1886"]
[EventDate "2011.03.22"]
[PlyCount "133"]

1.e4 c6 2.d4 d5 3.Nd2 dxe4 4.Nxe4 Bf5 5.Ng3 Bg6 6.Bc4 e6 7.N1e2 Nf6 8.Nf4 
Bd6 9.h4 Bxf4 10.Bxf4 h6 11.Qe2 Nd5 12.Be5 O-O 13.h5 Bh7 14.O-O-O Nb6 15.
Qg4 Qg5+ 16.Qxg5 hxg5 17.Bb3 N8d7 18.h6 Nxe5 19.dxe5 Rad8 20.Rde1 Bg6 21.
hxg7 Kxg7 22.Nh5+ Bxh5 23.Rxh5 Kg6 24.Reh1 Kf5 25.c3 Kxe5 26.Rxg5+ Kf6 27.
Ra5 Nc8 28.Rah5 Nb6 29.R1h4 Nd5 30.g3 Rd7 31.Bc2 Nb6 32.Rh7 Nc8 33.g4 Nb6 
34.f4 Ke7 35.g5 Kd6 36.Rh3 Kc7 37.Rf3 Kd8 38.Bd3 Nc8 39.Kd2 Ne7 40.Ke2 Ke8
41.Bc2 Rg8 42.Re3 Kf8 43.Kf3 Rd2 44.Rd3 Rxd3+ 45.Bxd3 Rg6 46.Rh2 Rg8 47.
Be4 Ke8 48.Rh7 Kf8 49.c4 Rg7 50.Rh2 Rg8 51.b4 Ke8 52.a4 Nc8 53.a5 Nd6 54.
Bd3 Kd8 55.Rh7 Ke8 56.Ke3 b5 57.Kd4 Nc8 58.a6 Ne7 59.Be4 Rf8 60.Ke5 Kd8 
61.Kd6 Nf5+ 62.Bxf5 exf5 63.Kxc6 Ke7 64.g6 Rc8+ 65.Kxb5 Kf6 66.Rxf7+ Kxg6 
67.Rxa7 1-0

[Event "12th EUR-ch"]
[Site "Aix-les-Bains FRA"]
[Date "2011.03.22"]
[Round "1.150"]
[White "Maury, Claude"]
[Black "Guliyev, Namig"]
[Result "0-1"]
[WhiteElo "1882"]
[BlackElo "2522"]
[EventDate "2011.03.22"]
[PlyCount "66"]

1.d4 d5 2.Nf3 Nf6 3.e3 Nbd7 4.Bd3 b6 5.b3 e6 6.O-O Bd6 7.Bb2 Bb7 8.Nbd2 
Qe7 9.Ne5 O-O 10.Re1 c5 11.Qe2 a6 12.Nxd7 Nxd7 13.Nf3 b5 14.c4 dxc4 15.
bxc4 b4 16.e4 cxd4 17.Bxd4 e5 18.Bb2 a5 19.Bc1 Nc5 20.Bc2 Rfc8 21.Be3 Qc7 
22.Rac1 Bf8 23.Bxc5 Qxc5 24.Ba4 Ba6 25.Nd2 Ra7 26.Nb3 Qb6 27.Qb2 Bxc4 28.
Qxe5 g6 29.Rcd1 Be6 30.h3 Rc2 31.Qd4 Qxd4 32.Nxd4 Rxa2 33.Nxe6 Rxa4 0-1

[Event "12th EUR-ch"]
[Site "Aix-les-Bains FRA"]
[Date "2011.03.22"]
[Round "1.151"]
[White "Vaisser, Anatoly"]
[Black "Mohnblatt, Daniel"]
[Result "1-0"]
[WhiteElo "2522"]
[BlackElo "1880"]
[EventDate "2011.03.22"]
[PlyCount "47"]

1.b3 e5 2.Bb2 Nc6 3.e3 Nf6 4.Bb5 Bd6 5.Ne2 O-O 6.Ng3 a6 7.Bxc6 dxc6 8.d3 
Ng4 9.Qe2 f5 10.h3 Nf6 11.Nd2 Qe7 12.Nc4 b5 13.Nxd6 cxd6 14.O-O Qf7 15.f4 
Qg6 16.fxe5 dxe5 17.Bxe5 Nd5 18.Rf3 Bd7 19.Raf1 Rae8 20.d4 Qg5 21.Qf2 g6 
22.e4 Ne7 23.exf5 Nxf5 24.Ne4 1-0

[Event "12th EUR-ch"]
[Site "Aix-les-Bains FRA"]
[Date "2011.03.22"]
[Round "1.152"]
[White "Pascot, Jean"]
[Black "Fargere, Francois"]
[Result "0-1"]
[WhiteElo "1873"]
[BlackElo "2520"]
[EventDate "2011.03.22"]
[PlyCount "72"]

1.e4 c5 2.c3 Nf6 3.e5 Nd5 4.d4 cxd4 5.Bc4 Nb6 6.Bb3 d6 7.Nf3 e6 8.O-O dxe5
9.Nxe5 Nc6 10.Nxc6 bxc6 11.Qf3 Nd5 12.Rd1 Bc5 13.c4 Ne7 14.Nc3 O-O 15.Ne4 
Bb6 16.Bc2 f5 17.c5 Bc7 18.Ng3 h6 19.Bb3 Kh7 20.Qd3 e5 21.Ne2 a5 22.Bc4 
Ng6 23.g3 Qe7 24.f4 e4 25.Qb3 d3 26.Nd4 Qxc5 27.Be3 Qd6 28.Rac1 a4 29.Qa3 
Qxa3 30.bxa3 Bd6 31.Nxc6 Bxa3 32.Rb1 Bd7 33.Nd4 Rab8 34.Ne6 Rfc8 35.Bd5 
Ne7 36.Rxb8 Rxb8 0-1

[Event "12th EUR-ch"]
[Site "Aix-les-Bains FRA"]
[Date "2011.03.22"]
[Round "1.153"]
[White "Jansa, Vlastimil"]
[Black "Dubois, Herve"]
[Result "1-0"]
[WhiteElo "2513"]
[BlackElo "1866"]
[EventDate "2011.03.22"]
[PlyCount "68"]

1.e4 c5 2.Nf3 d6 3.d4 cxd4 4.Nxd4 Nf6 5.Nc3 a6 6.Be2 e5 7.Nb3 Be7 8.O-O 
O-O 9.Be3 Be6 10.Qd2 d5 11.exd5 Nxd5 12.Nxd5 Bxd5 13.Na5 Be4 14.Qc3 Nd7 
15.Rfc1 Rc8 16.Qd2 Nf6 17.Nc4 b5 18.Nxe5 Rxc2 19.Qxd8 Bxd8 20.Rxc2 Bxc2 
21.Nc6 Be4 22.Rc1 h6 23.Nxd8 Rxd8 24.f3 Bd5 25.a3 Be6 26.Kf2 Nd5 27.Rc6 
Re8 28.Bd2 Rc8 29.Rxa6 Rc2 30.Ra8+ Bc8 31.Ke1 Nb6 32.Rb8 Na4 33.Bxb5 Nxb2 
34.Ba6 Nd3+ 1-0

[Event "12th EUR-ch"]
[Site "Aix-les-Bains FRA"]
[Date "2011.03.22"]
[Round "1.154"]
[White "Oblin, Pierre"]
[Black "Durarbeyli, Vasif"]
[Result "0-1"]
[WhiteElo "1856"]
[BlackElo "2510"]
[EventDate "2011.03.22"]
[PlyCount "70"]

1.b4 Nf6 2.Bb2 e6 3.a3 b6 4.Nf3 Bb7 5.e3 c5 6.Be2 cxb4 7.O-O bxa3 8.Nxa3 
Be7 9.c4 O-O 10.Qc2 Nc6 11.Nb5 a6 12.Nc3 Rc8 13.e4 d6 14.d4 e5 15.Rfd1 
exd4 16.Nxd4 Ne5 17.Qb3 Re8 18.Nf5 Bf8 19.f3 g6 20.Ne3 Bg7 21.Na4 Rb8 22.
Rd2 Bc6 23.Nc3 Nh5 24.g3 Qg5 25.Kf2 f5 26.Rxd6 fxe4 27.c5+ Kh8 28.Nxe4 
Bxe4 29.fxe4 bxc5 30.Rb6 Rxb6 31.Qxb6 Rf8+ 32.Nf5 gxf5 33.Bxe5 Bxe5 34.
Qxc5 Qg7 35.Rxa6 Bd4+ 0-1

[Event "12th EUR-ch"]
[Site "Aix-les-Bains FRA"]
[Date "2011.03.22"]
[Round "1.155"]
[White "Prie, Eric"]
[Black "Froment, Theophile"]
[Result "1-0"]
[WhiteElo "2508"]
[BlackElo "1848"]
[EventDate "2011.03.22"]
[PlyCount "91"]

1.d4 Nf6 2.Bf4 g6 3.Nc3 d5 4.Qd2 Bg7 5.Bh6 O-O 6.O-O-O Ne4 7.Nxe4 dxe4 8.
Bxg7 Kxg7 9.e3 Be6 10.d5 Bf5 11.h3 h5 12.g4 hxg4 13.hxg4 Bxg4 14.f3 Bxf3 
15.Nxf3 exf3 16.e4 Rh8 17.Rxh8 Qxh8 18.Qc3+ f6 19.Qxc7 Qe8 20.d6 Nc6 21.d7
Qb8 22.d8=Q Nxd8 23.Qxe7+ Nf7 24.Bc4 Qf4+ 25.Kb1 Rf8 26.Qxb7 f2 27.b3 g5 
28.Kb2 g4 29.Rd7 f1=Q 30.Rxf7+ Rxf7 31.Qxf7+ Kh6 32.Bxf1 Qxf1 33.e5 g3 34.
exf6 g2 35.Qg7+ Kh5 36.f7 g1=Q 37.Qxg1 Qxg1 38.f8=Q Qd4+ 39.Ka3 Qc3 40.
Qf5+ Kh6 41.Qd3 Qa5+ 42.Kb2 Qe5+ 43.Qc3 Qe7 44.a4 Qb7 45.a5 a6 46.Qd4 1-0

[Event "12th EUR-ch"]
[Site "Aix-les-Bains FRA"]
[Date "2011.03.22"]
[Round "1.156"]
[White "Marret, Benjamin"]
[Black "Martinovic, Sasa"]
[Result "0-1"]
[WhiteElo "1848"]
[BlackElo "2504"]
[EventDate "2011.03.22"]
[PlyCount "86"]

1.Nf3 Nf6 2.d4 g6 3.Nbd2 d5 4.e3 Bg7 5.b4 O-O 6.c4 c6 7.a4 Bg4 8.Be2 Nbd7 
9.Bb2 Ne4 10.O-O e6 11.Nxe4 dxe4 12.Nd2 Bxe2 13.Qxe2 f5 14.Nb3 Rf7 15.Rfd1
Nf6 16.Nc5 Qe8 17.a5 Bf8 18.Rd2 Rd8 19.Bc3 b6 20.axb6 axb6 21.Nb3 Bd6 22.
Rda2 Qf8 23.Nd2 Rb8 24.Ra6 Rfb7 25.Qd1 Bxb4 26.Bxb4 Qxb4 27.Rb1 Qe7 28.Qa4
Qc7 29.Qa1 Kf7 30.g3 Nd7 31.Rd1 Rd8 32.Nb3 Qd6 33.Kg2 Qb4 34.Nd2 Qd6 35.
Nb3 h5 36.h4 Qb4 37.Nd2 Qe7 38.Nb3 Qd6 39.Nc1 Qc7 40.Ne2 Nb8 41.Ra2 b5 42.
d5 cxd5 43.cxd5 e5 0-1

[Event "12th EUR-ch"]
[Site "Aix-les-Bains FRA"]
[Date "2011.03.22"]
[Round "1.157"]
[White "Bukavshin, Ivan"]
[Black "L'Hotellier, Jean-Luc"]
[Result "1-0"]
[WhiteElo "2501"]
[BlackElo "1866"]
[EventDate "2011.03.22"]
[PlyCount "51"]

1.d4 Nf6 2.c4 e6 3.Nc3 c5 4.d5 exd5 5.cxd5 d6 6.e4 g6 7.f4 Qe7 8.Nf3 Bg7 
9.Bd3 O-O 10.O-O Bg4 11.h3 Bxf3 12.Qxf3 Nbd7 13.Be3 Rfe8 14.a4 c4 15.Bc2 
Nb6 16.Bf2 Qd8 17.Rfe1 Rc8 18.a5 Nbd7 19.Nb5 Nc5 20.Nxa7 Ra8 21.Nb5 Rxa5 
22.Rxa5 Qxa5 23.Nxd6 Re7 24.e5 Qb4 25.Re2 Nfd7 26.Qc3 1-0

[Event "12th EUR-ch"]
[Site "Aix-les-Bains FRA"]
[Date "2011.03.22"]
[Round "1.158"]
[White "Menard, Baptiste"]
[Black "Gallagher, Joseph"]
[Result "0-1"]
[WhiteElo "1829"]
[BlackElo "2500"]
[EventDate "2011.03.22"]
[PlyCount "108"]

1.e4 c5 2.Nf3 d6 3.d4 cxd4 4.Nxd4 Nf6 5.Nc3 a6 6.Bc4 e6 7.Bb3 b5 8.O-O Be7
9.Be3 O-O 10.f4 b4 11.Na4 Bb7 12.f5 e5 13.Ne2 Nbd7 14.Ng3 Nxe4 15.f6 Bxf6 
16.Nxe4 Bxe4 17.Qxd6 Be7 18.Qd2 Qc7 19.Rae1 Bc6 20.Qf2 Bxa4 21.Bxa4 Nc5 
22.Bb3 Nxb3 23.axb3 Rac8 24.Re2 Qc6 25.Qf5 f6 26.h4 g6 27.Qf3 f5 28.h5 Qe4
29.hxg6 hxg6 30.Qg3 Kf7 31.Qh3 Rh8 32.Qg3 Bh4 33.Qf3 Qxf3 34.Rxf3 e4 35.
Rf1 Bf6 36.g4 Ke6 37.Ra1 Rc6 38.Ra4 Rh4 39.gxf5+ gxf5 40.Rxb4 Bxb2 41.c4 
Rg4+ 42.Kf1 Be5 43.Rb6 Rxb6 44.Bxb6 Rg3 45.Ra2 Rd3 46.Rxa6 Kd7 47.Ra5 Bg3 
48.Rb5 Rf3+ 49.Ke2 Ke6 50.Bd4 Rd3 51.Rd5 Bc7 52.Kf2 Rxd4 53.Rxd4 Bb6 54.
Ke3 Ke5 0-1

[Event "12th EUR-ch"]
[Site "Aix-les-Bains FRA"]
[Date "2011.03.22"]
[Round "1.159"]
[White "Flear, Glenn Curtis"]
[Black "Billotti, Romain"]
[Result "1-0"]
[WhiteElo "2498"]
[BlackElo "1827"]
[EventDate "2011.03.22"]
[PlyCount "75"]

1.d4 Nf6 2.c4 c6 3.Nc3 d5 4.e3 e6 5.Nf3 Bd6 6.Bd3 O-O 7.e4 dxe4 8.Nxe4 
Nxe4 9.Bxe4 Bb4+ 10.Ke2 Be7 11.Be3 f5 12.Bc2 b5 13.Bd3 bxc4 14.Bxc4 Qb6 
15.Qb3 Ba6 16.Rhc1 f4 17.Bd2 c5 18.Kd1 Bxc4 19.Rxc4 Nd7 20.Qxb6 axb6 21.
dxc5 Bxc5 22.Ke2 e5 23.a3 Rae8 24.Re4 Bd6 25.Bb4 Bxb4 26.Rxb4 e4 27.Nd2 
f3+ 28.gxf3 exf3+ 29.Kf1 Re6 30.Re1 Rh6 31.h4 g5 32.Re3 Rxh4 33.Rxh4 gxh4 
34.Nxf3 Rf4 35.Kg2 Nf6 36.Ng1 Ne4 37.Nh3 Rg4+ 38.Kf3 1-0

[Event "12th EUR-ch"]
[Site "Aix-les-Bains FRA"]
[Date "2011.03.22"]
[Round "1.160"]
[White "Piat, Gabin"]
[Black "Stern, Rene"]
[Result "0-1"]
[WhiteElo "1819"]
[BlackElo "2497"]
[EventDate "2011.03.22"]
[PlyCount "94"]

1.e4 e5 2.Nf3 Nc6 3.Bb5 a6 4.Ba4 Nf6 5.O-O Be7 6.Re1 b5 7.Bb3 d6 8.c3 O-O 
9.h3 Na5 10.Bc2 c5 11.d4 Qc7 12.Nbd2 Be6 13.d5 Bd7 14.Nf1 Nb7 15.Bg5 c4 
16.Ng3 Nc5 17.Nh4 Nxd5 18.Qd2 Bxg5 19.Qxg5 f6 20.Qd2 Nf4 21.Nhf5 Rad8 22.
b4 Nfd3 23.Bxd3 Nxd3 24.Ne7+ Kh8 25.Nd5 Qb7 26.Red1 Bc6 27.Nf5 Bxd5 28.
exd5 Qxd5 29.Qe2 g6 30.Ne3 Qc6 31.a4 d5 32.axb5 axb5 33.Qf3 f5 34.Ra5 e4 
35.Qe2 f4 36.Nc2 Qf6 37.Nd4 f3 38.Qe3 fxg2 39.Rd2 Nf4 40.Rda2 Qh4 41.Kh2 
Nxh3 42.Kxg2 Rf3 43.Nxf3 Nf4+ 44.Kf1 Qh3+ 45.Ke1 Ng2+ 46.Kd2 Nxe3 47.Kxe3 
d4+ 0-1

[Event "12th EUR-ch"]
[Site "Aix-les-Bains FRA"]
[Date "2011.03.23"]
[Round "2.1"]
[White "Nepomniachtchi, Ian"]
[Black "Popov, Valerij"]
[Result "1-0"]
[WhiteElo "2729"]
[BlackElo "2565"]
[EventDate "2011.03.22"]
[PlyCount "63"]

1.e4 c5 2.Nf3 d6 3.d4 cxd4 4.Nxd4 Nf6 5.Nc3 a6 6.h3 e6 7.g4 d5 8.exd5 Nxd5
9.Nde2 h5 10.Nxd5 exd5 11.g5 Be7 12.Nf4 Bxg5 13.Qxd5 Nc6 14.c3 Qe7+ 15.Be2
Bxf4 16.Bxf4 Be6 17.Qd3 g5 18.Bd6 Qf6 19.O-O-O O-O-O 20.Qe3 Rd7 21.Bh2 
Rhd8 22.Rxd7 Rxd7 23.Rg1 g4 24.hxg4 Bxa2 25.Bd1 Re7 26.Qf4 Qxf4+ 27.Bxf4 
hxg4 28.b3 Na5 29.Bxg4+ Kd8 30.b4 Nc6 31.Bg5 Ne5 32.Bf5 1-0

[Event "12th EUR-ch"]
[Site "Aix-les-Bains FRA"]
[Date "2011.03.23"]
[Round "2.2"]
[White "Caruana, Fabiano"]
[Black "Kovchan, Alexander"]
[Result "0-1"]
[WhiteElo "2716"]
[BlackElo "2563"]
[EventDate "2011.03.22"]
[PlyCount "118"]

1.d4 Nf6 2.c4 g6 3.f3 d5 4.cxd5 Nxd5 5.e4 Nb6 6.Nc3 Bg7 7.Be3 O-O 8.Qd2 
Be6 9.O-O-O Bc4 10.Nge2 e5 11.d5 c6 12.b3 Ba6 13.d6 N8d7 14.h4 Re8 15.h5 
Re6 16.hxg6 hxg6 17.Bg5 f6 18.Bh6 Qf8 19.Bxg7 Qxg7 20.g3 Nc8 21.Bh3 Rxd6 
22.Qe3 Nf8 23.f4 Qe7 24.fxe5 Qxe5 25.Nd4 Ne7 26.Nf3 Rxd1+ 27.Rxd1 Qxg3 28.
Bf1 Bxf1 29.Rxf1 Rd8 30.Rg1 Qd6 31.Kb2 Qb4 32.Qf4 Kg7 33.Qe3 Qb6 34.Qe2 
Ne6 35.e5 f5 36.Qh2 Rh8 37.Qd2 Qd8 38.Qf2 Nf4 39.Qxa7 Rh3 40.Rf1 Nd3+ 41.
Ka1 Ne1 42.Rxe1 Rxf3 43.Qc5 Rd3 44.Qb4 b6 45.Rh1 Nd5 46.Nxd5 Rxd5 47.Qf4 
Rd1+ 48.Rxd1 Qxd1+ 49.Kb2 Qe2+ 50.Kc3 c5 51.a4 Qe4 52.Qg3 Qb4+ 53.Kc2 c4 
54.bxc4 Qxc4+ 55.Kd2 Qxa4 56.Qe3 Qb4+ 57.Kd1 Qc5 58.Qe2 Qd5+ 59.Kc1 Kf7 
0-1

[Event "12th EUR-ch"]
[Site "Aix-les-Bains FRA"]
[Date "2011.03.23"]
[Round "2.3"]
[White "Dreev, Aleksey"]
[Black "Zherebukh, Yaroslav"]
[Result "1/2-1/2"]
[WhiteElo "2697"]
[BlackElo "2560"]
[EventDate "2011.03.22"]
[PlyCount "29"]

1.d4 d5 2.c4 c6 3.Nc3 Nf6 4.e3 e6 5.Nf3 Nbd7 6.Qc2 Bd6 7.b3 O-O 8.Bb2 e5 
9.Be2 e4 10.Nd2 Nb8 11.cxd5 cxd5 12.Nb5 Bg4 13.Bxg4 Nxg4 14.h3 Nh6 15.Nxd6
1/2-1/2

[Event "12th EUR-ch"]
[Site "Aix-les-Bains FRA"]
[Date "2011.03.23"]
[Round "2.4"]
[White "Sutovsky, Emil"]
[Black "Stefansson, Hannes"]
[Result "1/2-1/2"]
[WhiteElo "2692"]
[BlackElo "2557"]
[EventDate "2011.03.22"]
[PlyCount "59"]

1.e4 e5 2.Nf3 Nc6 3.Bb5 a6 4.Ba4 Nf6 5.O-O Be7 6.Re1 d6 7.c3 Bg4 8.d4 b5 
9.Bc2 Bxf3 10.gxf3 Nh5 11.f4 Nxf4 12.Bxf4 exf4 13.e5 d5 14.e6 g6 15.Qf3 
fxe6 16.Qh3 Rf8 17.a4 Rf6 18.Nd2 b4 19.Nf3 b3 20.Bd3 Qd6 21.c4 dxc4 22.
Bxc4 Nxd4 23.Nxd4 Qxd4 24.Bxe6 h5 25.Rad1 Qb4 26.Qf3 Rd8 27.Bxb3 Kf8 28.
Rc1 Rb8 29.Rc3 Qa5 30.Rd1 1/2-1/2

[Event "12th EUR-ch"]
[Site "Aix-les-Bains FRA"]
[Date "2011.03.23"]
[Round "2.5"]
[White "Hovhannisyan, Robert"]
[Black "Naiditsch, Arkadij"]
[Result "1/2-1/2"]
[WhiteElo "2560"]
[BlackElo "2684"]
[EventDate "2011.03.22"]
[PlyCount "30"]

1.e4 e5 2.Nf3 Nc6 3.Bb5 Nf6 4.O-O Nxe4 5.Re1 Nd6 6.Nxe5 Be7 7.Bf1 Nf5 8.
Nf3 O-O 9.d4 d5 10.c3 Bd6 11.Bd3 Nce7 12.Nbd2 Ng6 13.Nf1 Nf4 14.Bxf4 Bxf4 
15.g3 Bh6 1/2-1/2

[Event "12th EUR-ch"]
[Site "Aix-les-Bains FRA"]
[Date "2011.03.23"]
[Round "2.7"]
[White "Maze, Sebastien"]
[Black "Zhigalko, Sergei"]
[Result "1-0"]
[WhiteElo "2559"]
[BlackElo "2680"]
[EventDate "2011.03.22"]
[PlyCount "65"]

1.d4 d5 2.c4 e6 3.Nc3 c6 4.Nf3 dxc4 5.a4 Bb4 6.g3 b5 7.Bg2 Bb7 8.O-O a6 9.
Ne5 Ne7 10.h4 Nd7 11.Ne4 O-O 12.h5 Nxe5 13.dxe5 h6 14.Bf4 Nd5 15.Qc1 Qc7 
16.Rd1 Be7 17.Nd6 Bxd6 18.exd6 Qd7 19.e4 Nb4 20.Qc3 Nd3 21.b3 Nxf4 22.gxf4
cxb3 23.Qc5 a5 24.Rdb1 e5 25.Rxb3 exf4 26.axb5 cxb5 27.Qxb5 Bc6 28.Qc5 
Rfe8 29.Bh3 Re6 30.Rxa5 Rxe4 31.Rxa8+ Bxa8 32.Rb8+ Kh7 33.Qf5+ 1-0

[Event "12th EUR-ch"]
[Site "Aix-les-Bains FRA"]
[Date "2011.03.23"]
[Round "2.8"]
[White "Swiercz, Dariusz"]
[Black "Rublevsky, Sergei"]
[Result "1/2-1/2"]
[WhiteElo "2557"]
[BlackElo "2678"]
[EventDate "2011.03.22"]
[PlyCount "61"]

1.e4 c5 2.Nf3 e6 3.d4 cxd4 4.Nxd4 Nc6 5.Nc3 Qc7 6.Be2 a6 7.O-O Nf6 8.Be3 
Be7 9.f4 d6 10.Kh1 O-O 11.Qe1 Nxd4 12.Bxd4 b5 13.a3 Nd7 14.Qg3 Bf6 15.Bxf6
Nxf6 16.Bd3 Bb7 17.Rae1 Rad8 18.Qh4 h6 19.Nd1 Rfe8 20.Re3 Qc5 21.e5 Nh7 
22.Rg3 Kh8 23.Ne3 Qd4 24.Rxg7 Kxg7 25.Ng4 Be4 26.Qxh6+ Kh8 27.Nf6 Bxd3 28.
f5 Bxf5 29.Nxh7 Bxh7 30.Qf6+ Kg8 31.Qxf7+ 1/2-1/2

[Event "12th EUR-ch"]
[Site "Aix-les-Bains FRA"]
[Date "2011.03.23"]
[Round "2.9"]
[White "Motylev, Alexander"]
[Black "Shimanov, Aleksandr"]
[Result "1-0"]
[WhiteElo "2677"]
[BlackElo "2550"]
[EventDate "2011.03.22"]
[PlyCount "103"]

1.e4 c5 2.Nf3 e6 3.d4 cxd4 4.Nxd4 Nc6 5.Nc3 Qc7 6.Be3 Nf6 7.f4 Bb4 8.Nb5 
Qa5 9.e5 Nd5 10.Bd2 Nxc3 11.Bxc3 O-O 12.Qd2 Bxc3 13.Nxc3 f6 14.exf6 Rxf6 
15.O-O-O d5 16.g3 Bd7 17.Ne4 Rh6 18.Qxa5 Nxa5 19.Nf2 Rf6 20.Ng4 Rff8 21.
Ne5 Rad8 22.Bh3 Bc8 23.Rhe1 Rf6 24.Bg4 Nc6 25.c4 Ne7 26.b3 Rff8 27.cxd5 
exd5 28.Bf3 Rd6 29.Nc4 Re6 30.Nd6 b6 31.Kb2 Rxd6 32.Rxe7 d4 33.Rxa7 g5 34.
Be4 gxf4 35.Bxh7+ Kh8 36.gxf4 Rxf4 37.Rd2 Bd7 38.Bd3 Kg8 39.Ra8+ Kf7 40.
Rh8 Ke7 41.Ka3 Re6 42.Kb4 Kd6 43.h4 Be8 44.h5 Rh4 45.Bc4 Re5 46.h6 Bg6 47.
Rxd4+ Rxd4 48.Rd8+ Ke7 49.Rxd4 Rh5 50.Rd5 Rxh6 51.Re5+ Kd7 52.Re6 1-0

[Event "12th EUR-ch"]
[Site "Aix-les-Bains FRA"]
[Date "2011.03.23"]
[Round "2.10"]
[White "Rogozenco, Dorian"]
[Black "Volokitin, Andrei"]
[Result "1/2-1/2"]
[WhiteElo "2553"]
[BlackElo "2677"]
[EventDate "2011.03.22"]
[PlyCount "50"]

1.d4 Nf6 2.c4 e6 3.Nf3 b6 4.g3 Ba6 5.Nbd2 Bb4 6.Qa4 c5 7.a3 Bxd2+ 8.Bxd2 
cxd4 9.Bg2 Bb7 10.O-O Bc6 11.Qd1 Bxf3 12.Bxf3 Nc6 13.Bf4 O-O 14.Bd6 Re8 
15.Bxc6 dxc6 16.Qxd4 e5 17.Bxe5 Qxd4 18.Bxd4 Rxe2 19.Rfe1 Rae8 20.Kf1 Rc2 
21.Bxf6 Rxe1+ 22.Rxe1 gxf6 23.b3 Kg7 24.Re3 a5 25.a4 f5 1/2-1/2

[Event "12th EUR-ch"]
[Site "Aix-les-Bains FRA"]
[Date "2011.03.23"]
[Round "2.11"]
[White "Sargissian, Gabriel"]
[Black "Grandelius, Nils"]
[Result "1/2-1/2"]
[WhiteElo "2676"]
[BlackElo "2547"]
[EventDate "2011.03.22"]
[PlyCount "61"]

1.d4 Nf6 2.c4 e6 3.Nf3 d5 4.g3 Bb4+ 5.Bd2 Be7 6.Bg2 O-O 7.O-O c6 8.Qc2 b6 
9.Rd1 Bb7 10.Bf4 Nbd7 11.Ne5 Nh5 12.Bd2 Nhf6 13.cxd5 cxd5 14.Nc6 Bxc6 15.
Qxc6 Rc8 16.Qb5 Ne8 17.Nc3 Nd6 18.Qd3 Nf6 19.b3 Qd7 20.a4 Nf5 21.Rdc1 Bb4 
22.Ra2 h6 23.e3 Nd6 24.Rac2 Ba3 25.Rd1 Bb4 26.f3 Nb7 27.Rdc1 Ba3 28.Rb1 
Bb4 29.Rbc1 Ba3 30.Rb1 Bb4 31.Rbc1 1/2-1/2

[Event "12th EUR-ch"]
[Site "Aix-les-Bains FRA"]
[Date "2011.03.23"]
[Round "2.12"]
[White "Grachev, Boris"]
[Black "Manolache, Marius"]
[Result "1-0"]
[WhiteElo "2675"]
[BlackElo "2546"]
[EventDate "2011.03.22"]
[PlyCount "63"]

1.d4 Nf6 2.Nf3 g6 3.c4 Bg7 4.g3 O-O 5.Bg2 c6 6.Nc3 d6 7.O-O Bf5 8.Ne1 Qc8 
9.e4 Bh3 10.f3 Bxg2 11.Kxg2 Nbd7 12.Be3 a6 13.c5 dxc5 14.dxc5 Rd8 15.Qe2 
Qc7 16.Nc2 Nh5 17.f4 Bxc3 18.bxc3 Qa5 19.f5 Nhf6 20.e5 Nxe5 21.Bd4 Ned7 
22.Qxe7 Re8 23.Qd6 Re2+ 24.Kh1 g5 25.Bxf6 Nxf6 26.Qxf6 Rxc2 27.Qxg5+ Kh8 
28.Qf6+ Kg8 29.Rf4 h5 30.Qg5+ Kf8 31.Qh6+ Kg8 32.f6 1-0

[Event "12th EUR-ch"]
[Site "Aix-les-Bains FRA"]
[Date "2011.03.23"]
[Round "2.13"]
[White "Cornette, Matthieu"]
[Black "Inarkiev, Ernesto"]
[Result "1/2-1/2"]
[WhiteElo "2548"]
[BlackElo "2674"]
[EventDate "2011.03.22"]
[PlyCount "52"]

1.d4 d5 2.c4 c6 3.Nf3 Nf6 4.Nc3 dxc4 5.a4 e6 6.e4 Bb4 7.Bg5 Bxc3+ 8.bxc3 
Qa5 9.e5 Ne4 10.Rc1 b5 11.Qc2 Nxg5 12.Nxg5 Qxa4 13.Qxa4 bxa4 14.Bxc4 Nd7 
15.Ne4 Ke7 16.O-O a5 17.Rb1 Ra7 18.f4 g6 19.Rf2 Ba6 20.Bxa6 Rxa6 21.Ra2 
Rb6 22.Rba1 Rhb8 23.Rxa4 Rb2 24.Rxa5 Re2 25.Nd6 Rbb2 26.Ra8 Rxg2+ 1/2-1/2

[Event "12th EUR-ch"]
[Site "Aix-les-Bains FRA"]
[Date "2011.03.23"]
[Round "2.14"]
[White "Moiseenko, Alexander"]
[Black "Gozzoli, Yannick"]
[Result "1-0"]
[WhiteElo "2673"]
[BlackElo "2543"]
[EventDate "2011.03.22"]
[PlyCount "67"]

1.d4 d5 2.c4 dxc4 3.e3 e5 4.Bxc4 Nc6 5.Nf3 e4 6.Nfd2 Qg5 7.g3 Nf6 8.Nc3 
Bb4 9.O-O Bxc3 10.bxc3 O-O 11.Ba3 Re8 12.Rb1 a6 13.Re1 h5 14.f4 Qg6 15.Kh1
b5 16.Bf1 Bg4 17.Qc2 Ne7 18.Bxe7 Rxe7 19.c4 c6 20.a4 Rc8 21.Bg2 h4 22.h3 
hxg3 23.hxg4 Qh6+ 24.Kg1 Qh2+ 25.Kf1 Nxg4 26.Nxe4 Rce8 27.cxb5 cxb5 28.
axb5 f5 29.b6 fxe4 30.Qc5 Nf2 31.b7 Nh3 32.Qd5+ Rf7 33.b8=Q Qg1+ 34.Ke2 
1-0